Handbuch des Bank- und Börsenwesens
Gespeichert in:
| Format: | Buch |
|---|---|
| Sprache: | Deutsch |
| Veröffentlicht: |
Leipzig
Voigt
1903
|
| Tags: |
Keine Tags, Fügen Sie das erste Tag hinzu!
|
MARC
| LEADER | 00000nam a2200000 4500 | ||
|---|---|---|---|
| 001 | 0303349 | ||
| 005 | 20240802101359.4 | ||
| 041 | 0 | |a ger | |
| 044 | |a DE | ||
| 245 | 1 | 0 | |a Handbuch des Bank- und Börsenwesens |c Rudolf Beigel |
| 264 | 1 | |a Leipzig |b Voigt |c 1903 | |